| 000 | 00854nam a2200253 u 4500 | ||
|---|---|---|---|
| 005 | 20230913063555.0 | ||
| 008 | 160926s2015 mx r 000 0 spa d | ||
| 020 | _a9786070272899 | ||
| 035 | _aUPN01000213668 | ||
| 049 | _aCG | ||
| 050 | 4 |
_aGE149 _bC3.4 |
|
| 100 | 1 |
_aCastro Romero, Telma Gloria _939818 |
|
| 245 | 1 | 0 |
_aCambio global : _bcausas y consecuencias / _cTelma Castro Romero, Lyssette Muñoz Villers, Oscar Peralta Rosales. |
| 260 |
_aMéxico : _bUNAM : _bSiglo XXI, _c2015. |
||
| 300 |
_a72 p. : _bil. col., mapas, gráfs. |
||
| 440 | 0 |
_aNuestra huella en el planeta ; _v3 |
|
| 650 | 4 |
_aCAMBIO AMBIENTAL GLOBAL _920417 |
|
| 650 | 4 |
_aCambios climáticos _97640 |
|
| 650 | 4 |
_aCALENTAMIENTO GLOBAL _98763 |
|
| 700 | 1 |
_aMuñoz Villers, Lyssette, _ecoaut. |
|
| 700 | 1 |
_aPeralta Rosales, Oscar, _ecoaut. |
|
| 905 | _aLibro | ||
| 999 |
_c185768 _d185768 |
||